Which museums to fund: Examining local government decision-making in austerity (Record no. 518081)

000 -LEADER
fixed length control field 01592nam a22001577a 4500
008 - FIXED-LENGTH DATA ELEMENTS--GENERAL INFORMATION
fixed length control field 210816b ||||| |||| 00| 0 eng d
100 ## - MAIN ENTRY--PERSONAL NAME
Personal name Rex, Bethany
245 ## - TITLE STATEMENT
Title Which museums to fund: Examining local government decision-making in austerity
260 ## - PUBLICATION, DISTRIBUTION, ETC. (IMPRINT)
Place of publication, distribution, etc Local Government Studies
300 ## - PHYSICAL DESCRIPTION
Extent 46(2), Apr, 2020: p.186-205
520 ## - SUMMARY, ETC.
Summary, etc The paper develops a conceptual framework to analyse empirical data relating to the bases, both ‘evidence’ and assumptions, on which decisions about museum provision were made by two local authorities where budget cuts prompted the restructuring of museum services. Its specific focus is on why some museums retain funding and status as part of direct public provision while others are identified to be transferred to community groups via the asset transfer process. The paper demonstrates why certain types of museum are more vulnerable to funding cuts and being transferred to community-management. Whilst acknowledging the pressure local authorities are under to both save and generate money from their museums, the article questions the implications of this approach to deciding which museums should be transferred as it indicates a reworking of conventional notions of universal entitlement and results in transferring museums that may prove to be financially unviable without continued state support. – Reproduced
650 ## - SUBJECT ADDED ENTRY--TOPICAL TERM
Topical term or geographic name as entry element Austerity, Local government, Museums, Community asset transfer, Decision-making, Evidence-based policy
9 (RLIN) 26879
773 ## - HOST ITEM ENTRY
Main entry heading Local Government Studies
906 ## - LOCAL DATA ELEMENT F, LDF (RLIN)
Subject DIP LOCAL GOVERNMENT
942 ## - ADDED ENTRY ELEMENTS (KOHA)
Item type Articles
Holdings
Withdrawn status Lost status Source of classification or shelving scheme Damaged status Not for loan Permanent location Current location Date acquired Serial Enumeration / chronology Barcode Date last seen Koha item type
          Indian Institute of Public Administration Indian Institute of Public Administration 2021-08-16 46(2), Apr, 2020: p.186-205 AR125278 2021-08-16 Articles

Powered by Koha